| 000 | 01473nam a2200229Ia 4500 | ||
|---|---|---|---|
| 003 | Ost | ||
| 005 | 20260507075135.0 | ||
| 008 | 260507s9999||||xx |||||||||||||| ||und|| | ||
| 020 | _a8118329957 | ||
| 040 | _cfsecg | ||
| 041 | _aara | ||
| 082 | _a330 | ||
| 100 |
_aالعيسى، نزار سعد الدين _eمؤلف |
||
| 245 | 0 |
_aالإقتصاد الكلي : _bمبادئ وتطبيقات / _c نزار سعد الدين العيسى |
|
| 260 |
_aعمان: _bدار ومكتبة الحامد للنشر والتوزيع, _c2006 |
||
| 300 |
_a328 صفحة؛ _bإيضاحات ؛ _c24 سم |
||
| 520 | _aأساسيات النشاط الإقتصادي- تطبيقات على منحنى الإمكانات الإنتاجية في الإقتصاد الكلي- كيف يعمل الإقتصاد الكلي؟- دور الحكومات في النشاط الإقتصادي- حسابات الناتج الكلي- نظريات الإقتصاد الكلي- الإستهلاك والإدخار- الإنفاق الإستثماري- توازن الإقتصاد الكلي- عملية المضاعفة- البطالة- التضخم- الجهاز المصرفي والسياسة النقدية- السياسة المالية- التنمية الإقتصادية والنمو الإقتصادي والعولمة. | ||
| 653 | _aالإقتصاد | ||
| 653 | _aالإقتصاد الكلي | ||
| 700 |
_aقطف، ابراهيم سليمان _eمؤلف ثانوي |
||
| 942 | _cكتاب | ||
| 999 |
_c43258 _d43258 |
||